000 03242nam a22004098i 4500
005 20240418095855.0
006 m|||||o||d||||||||
007 cr |||||||||||
008 240418t2023 enka fo 000|0|eng|d
020 _a9781003806127 (PDF ebook) :
_c54.99
040 _aStDuBDS
_beng
_erda
_epn
_cStDuBDS
_dStDuBDSZ
050 0 _aKD5729
_b.B65 2023
082 0 4 _a343.410542
_223
100 1 _aBond, Patrick H.,
_eauthor.
245 1 0 _aRating valuation
_bprinciples and practice /
_cPatrick H. Bond and Peter K. Brown.
_h[electronic resource] :
250 _aFifth edition.
263 _a202312
264 1 _aLondon :
_bRoutledge,
_c2023.
300 _a1 online resource (482 pages) :
_billustrations (black and white)
336 _atext
_2rdacontent
336 _astill image
_2rdacontent
337 _acomputer
_2rdamedia
338 _aonline resource
_2rdacarrier
366 _b20231222
_cIn stock
500 _aPrevious edition: 2017.
505 0 _a1. Introduction2. The Rateable Occupier3. The Hereditament4. The domestic/non-domestic borderline5. Exemptions and reliefs6. The basis of valuation7. Rental analysis and valuation8. The Contractor's Basis9. Receipts and expenditure10. The valuation of shops11. The valuation of offices12. The valuation of factories, workshops and warehouses13. The valuation of plant and machinery14. The valuation of other types of property15. The 2023 rating lists: preparation, alteration and appeals16. Rating administration, collection and enforcement17. The Empty Property Rate18. The Council Tax19. Rating in Northern IrelandAppendix 1Appendix 2
520 8 _a'Rating Valuation' has long been the standard go-to guide for both students studying rating valuation and practitioners needing a comprehensive reference book covering rating law, valuation and, importantly, practice.
_bRating Valuation: Principles and Practice has long been the standard go-to guide for both students studying rating valuation and practitioners needing a comprehensive reference book covering rating law, valuation and, importantly, practice. This fifth edition brings the reader up to date with the changes for the 2023 Rating Revaluation and developments in case law, as well as highlighting the differences between the law in England and Wales. A comprehensive chapter covers rates in Northern Ireland.Starting with the basics, the book goes on to provide more in-depth detail for advanced readers, using clear, accessible and engaging analysis and example valuations throughout to break down what many see as a complex subject.Whether you are studying to pass your APC, or just want an overview of the changes following the latest revaluation, Rating Valuation: Principles and Practice will give you all you need to understand rating valuation.
588 _aDescription based on CIP data; resource not viewed.
650 0 _aEBOOK
650 0 _aRATING VALUATION
650 0 _aTAXATION
_zGreat Britain.
650 0 _aVALUATION
700 1 _aBrown, P. K.,
_eauthor.
776 0 8 _iPrint version :
_z9781032285528
856 4 0 _uhttps://www.vlebooks.com/product/openreader?id=RICS&accId=9491556&isbn=9781003806127
_zAvailable via VLeBooks (email [email protected] for login details)
942 _2ddc
999 _c121911
_d121911